Géographie en huit lettres - Statistiques

Statistiques générales
  • Ce quiz a été pris 465 fois
  • Le résultat moyen est 11 sur 14
Statistiques - réponses
Question Réponse % Correct
Pays nordique situé à l'est de la Suède Finlande
98%
Pays propriétaire du Groenland Danemark
96%
Pays du sprinter le plus vite du monde Jamaique
91%
Pays qui a comme capitale Oulan-Bator Mongolie
90%
Le plus grand lac d'Afrique qui porte aussi le nom d'une ancienne reine britannique Victoria
88%
Capitale administrative de l'Afrique du Sud Pretoria
86%
Pays de Pablo Escobar Colombie
85%
Pays annexé plusieurs fois par l'Allemagne Autriche
80%
Capitale du pays en haut de cette question Kingston
76%
Capitale du Canada avant l'incendie du parlement en 1849 Montréal
75%
Montagne situé dans l'état du Dakota du Sud qui a les visages de quatre présidents gravés Mont Rushmore
74%
Le seul grand lac à être situé entièrement aux États-Unis Lac Michigan
50%
État américain qui a comme plus grande ville Saint-Louis Missouri
47%
Considérée comme la premier colonie des treize colonies Virginie
30%
Aucun quiz correspondant
Distribution des résultats
% des personnes avec chaque résultat
Percentile par nombre de réponses
Votre historique - résultats
Vous n’avez pas pris ce quiz